000
00269nam a2200109Ia 4500
008
220204s9999 xx 000 0 und d
082
_a
32(540)
_b
SOO
100
_a
P
245
0
_a
Politics of socio economic change in India
260
_a
Delhi
_b
Marwah
_c
1978
942
_c
BK
999
_c
34751
_d
34751